| 000 | 01792nam a22002537a 4500 | ||
|---|---|---|---|
| 003 | DO-SdBNP | ||
| 005 | 20211213083435.0 | ||
| 007 | ta | ||
| 008 | 211119b2021 dr a|||| |||| 00| 0 spa d | ||
| 020 | _a97899450988309 | ||
| 040 |
_aDO-SdBNP _bspa _cBNPHU |
||
| 082 | 4 |
_222 _bC352b |
|
| 100 | 1 |
_aCastillo Lachapelle, Ramón, _d1956- _980680 |
|
| 245 | 1 | 0 |
_aBuenas prácticas agrícolas : _bmanejo esponsable de fitosanitarios / _cRamón Castillo Lachapelle ; prólogo Porfirio A. Álvarez Fernández. |
| 260 |
_aSanto Domingo : _bCentro de Educación para el Medio Ambiente y la Agricultura, CEMAAGRI, _c2021. |
||
| 300 |
_a483 p. : _bil. ; _c23 cm. |
||
| 500 | _aIncluye datos biográficos del autor en la solapa de la contracubierta. | ||
| 504 | _aBibliografía : p. 441-445 | ||
| 505 | 0 |
_aRelación de siglas y acrónimos _tAgradecimientos -- _tPrólogo / _rPorfirio A. Álvarez Fernández -- _tPresentación / _rRamón Catillo Lachapelle -- _gCapítulo I. _tConceptos generales de las buenas prácticas agrícolas (BPA) -- _gCapítulo II. _tManejo de cultivos y BPA -- _gCapítulo III. _tPlagas, enfermedades y malezas en cultivos -- _gCapítulo IV. _tConceptos generales de los fitosanitarios – _gCapítulo V. _tClasificación de los fitosanitarios – _gCapítulo VI. _tManejo integrado de insectos, nematodos, roedores, enfermedades y malezas en cultivos – _gCapítulo VII. _tAplicación de fitosanitarios – _gCapítulo VIII. _tAlmacenamiento y transporte de fitosanitarios – _gCapítulo IX. _tToxicidad de fitosanitarios y primeros auxilios – _gCapítulo X. _tMarco regulatorio de los fitosanitarios – _tBibliografía – _tAnexos. |
|
| 590 | _aInventariado, 2021 /LP | ||
| 700 | 1 |
_aÁlvarez Fernández, Porfirio A., _epról. _980681 |
|
| 910 | _aLopérez | ||
| 942 |
_2ddc _cLBS1 |
||
| 999 |
_c51004 _d51004 |
||